[Event "2017"]
[Site "Bastia"]
[Date "2017.10.21"]
[Round "2.4"]
[White "Zubov, Alexander"]
[Black "Barseghyan, Harutyun"]
[Result "1-0"]
[BlackElo "2478"]
[WhiteElo "2623"]
[LiveChessVersion "1.4.6"]

1. d4 {[%clk 1:30:49]} d5 {[%clk 1:30:52]} 2. c4 {[%clk 1:31:00]} dxc4
{[%clk 1:31:15]} 3. e3 {[%clk 1:30:13]} e5 {[%clk 1:31:28]} 4. Bxc4
{[%clk 1:30:37]} exd4 {[%clk 1:31:35]} 5. exd4 {[%clk 1:29:04]} Bd6
{[%clk 1:31:33]} 6. Nf3 {[%clk 1:27:28]} Nf6 {[%clk 1:31:47]} 7. Qe2+
{[%clk 1:24:27]} Qe7 {[%clk 1:32:02]} 8. Qxe7+ {[%clk 1:24:41]} Bxe7
{[%clk 1:32:30]} 9. O-O {[%clk 1:24:43]} O-O {[%clk 1:32:48]} 10. Re1
{[%clk 1:24:30]} Bd6 {[%clk 1:29:58]} 11. Bg5 {[%clk 1:24:02]} Nbd7
{[%clk 1:30:10]} 12. Nc3 {[%clk 1:22:44]} Nb6 {[%clk 1:12:34]} 13. Bb3
{[%clk 1:21:16]} Bf5 {[%clk 1:12:42]} 14. Nh4 {[%clk 1:13:51]} Bg6
{[%clk 1:07:00]} 15. f4 {[%clk 1:12:48]} Bd3 {[%clk 0:55:23]} 16. Re3
{[%clk 1:01:47]} Bc4 {[%clk 0:54:24]} 17. Bxf6 {[%clk 1:01:34]} gxf6
{[%clk 0:54:23]} 18. Nf5 {[%clk 0:58:36]} Bxb3 {[%clk 0:46:08]} 19. axb3
{[%clk 0:58:14]} Bb4 {[%clk 0:42:15]} 20. Kf2 {[%clk 0:48:07]} a6
{[%clk 0:33:33]} 21. Ne4 {[%clk 0:40:46]} Nd5 {[%clk 0:27:05]} 22. Rg3+
{[%clk 0:41:05]} Kh8 {[%clk 0:27:27]} 23. Kf3 {[%clk 0:41:02]} Rg8
{[%clk 0:24:56]} 24. Rc1 {[%clk 0:37:24]} Rad8 {[%clk 0:21:36]} 25. Rxg8+
{[%clk 0:31:37]} Kxg8 {[%clk 0:22:01]} 26. h4 {[%clk 0:20:12]} c6
{[%clk 0:21:01]} 27. h5 {[%clk 0:20:10]} Ne7 {[%clk 0:19:29]} 28. Nxf6+
{[%clk 0:14:47]} Kh8 {[%clk 0:19:54]} 29. Ke4 {[%clk 0:13:03]} Nxf5
{[%clk 0:18:54]} 30. Kxf5 {[%clk 0:13:32]} Rxd4 {[%clk 0:19:22]} 31. g3
{[%clk 0:13:09]} h6 {[%clk 0:18:35]} 32. Rc2 {[%clk 0:09:26]} Kg7
{[%clk 0:14:36]} 33. Re2 {[%clk 0:09:40]} Bf8 {[%clk 0:08:21]} 34. g4
{[%clk 0:07:18]} Bd6 {[%clk 0:05:07]} 35. Re4 {[%clk 0:06:07]} Rxe4
{[%clk 0:05:24]} 36. Nxe4 {[%clk 0:06:35]} Be7 {[%clk 0:05:32]} 37. Ke5
{[%clk 0:05:18]} b5 {[%clk 0:04:21]} 38. f5 {[%clk 0:05:28]} Bb4 {[%clk 0:01:51]}
39. f6+ {[%clk 0:05:39]} Kf8 {[%clk 0:01:44]} 40. g5 {[%clk 0:04:43]} hxg5
{[%clk 0:02:08]} 41. h6 {[%clk 0:05:06]} Kg8 {[%clk 0:02:32]} 42. Nxg5
{[%clk 0:05:32]} a5 {[%clk 0:02:14]} 43. Nxf7 {[%clk 0:05:00]} a4
{[%clk 0:02:34]} 44. Nd6 {[%clk 0:02:25]} 1-0

[Event "2017"]
[Site "Bastia"]
[Date "2017.10.21"]
[Round "2.5"]
[White "Dimitrov, Radoslav"]
[Black "Jumabayev, Rinat"]
[Result "1-0"]
[BlackElo "2603"]
[WhiteElo "2450"]
[LiveChessVersion "1.4.6"]

1. d4 {[%clk 1:26:00]} Nf6 {[%clk 1:30:37]} 2. c4 {[%clk 1:26:24]} e6
{[%clk 1:31:02]} 3. Nf3 {[%clk 1:26:48]} Bb4+ {[%clk 1:31:20]} 4. Bd2
{[%clk 1:27:07]} a5 {[%clk 1:31:30]} 5. a3 {[%clk 1:13:00]} Bxd2+
{[%clk 1:27:04]} 6. Qxd2 {[%clk 1:12:05]} d6 {[%clk 1:26:14]} 7. Nc3
{[%clk 1:12:24]} Nfd7 {[%clk 1:11:52]} 8. e3 {[%clk 1:02:48]} e5 {[%clk 1:07:08]}
9. Rd1 {[%clk 0:52:54]} Nc6 {[%clk 1:06:56]} 10. dxe5 {[%clk 0:52:37]} dxe5
{[%clk 1:04:05]} 11. Qc2 {[%clk 0:50:05]} O-O {[%clk 1:02:20]} 12. Bd3
{[%clk 0:48:51]} g6 {[%clk 1:01:20]} 13. h4 {[%clk 0:47:58]} f5 {[%clk 0:59:57]}
14. c5 {[%clk 0:43:07]} h6 {[%clk 0:51:09]} 15. h5 {[%clk 0:35:03]} e4
{[%clk 0:51:01]} 16. Bc4+ {[%clk 0:34:59]} Kg7 {[%clk 0:50:56]} 17. Nh4
{[%clk 0:35:19]} Nce5 {[%clk 0:48:56]} 18. Nxg6 {[%clk 0:32:51]} Nxc4
{[%clk 0:48:10]} 19. Ne2 {[%clk 0:32:58]} Nxb2 {[%clk 0:24:12]} 20. Qxb2+
{[%clk 0:29:18]} Qf6 {[%clk 0:24:37]} 21. Nd4 {[%clk 0:29:11]} Rf7
{[%clk 0:24:47]} 22. Nxf5+ {[%clk 0:28:32]} Kh7 {[%clk 0:25:12]} 23. Qxf6
{[%clk 0:28:47]} Rxf6 {[%clk 0:25:39]} 24. Nfe7 {[%clk 0:27:18]} Nxc5
{[%clk 0:20:24]} 25. Rd8 {[%clk 0:27:40]} Nd3+ {[%clk 0:20:49]} 26. Kd2
{[%clk 0:28:01]} Rxf2+ {[%clk 0:16:58]} 27. Kc3 {[%clk 0:28:26]} b5
{[%clk 0:08:18]} 28. Nxc8 {[%clk 0:27:54]} b4+ {[%clk 0:06:10]} 29. Kd4
{[%clk 0:27:16]} Rf7 {[%clk 0:05:51]} 30. axb4 {[%clk 0:14:38]} axb4
{[%clk 0:06:06]} 31. Rb1 {[%clk 0:15:02]} Ra3 {[%clk 0:03:14]} 32. Nce7
{[%clk 0:14:17]} c5+ {[%clk 0:02:25]} 33. Kd5 {[%clk 0:14:32]} Rf6
{[%clk 0:00:54]} 34. Rd7 {[%clk 0:11:30]} Rf7 {[%clk 0:01:00]} 35. Rf1
{[%clk 0:11:45]} Ne5 {[%clk 0:00:35]} 36. Kxe5 {[%clk 0:12:00]} 1-0

[Event "2017"]
[Site "Bastia"]
[Date "2017.10.21"]
[Round "2.6"]
[White "Huschenbeth, Niclas"]
[Black "Firat, Burak"]
[Result "1-0"]
[BlackElo "2460"]
[WhiteElo "2596"]
[LiveChessVersion "1.4.6"]

1. e4 {[%clk 1:30:58]} c5 {[%clk 1:27:55]} 2. Nf3 {[%clk 1:31:24]} Nc6
{[%clk 1:28:11]} 3. d4 {[%clk 1:31:49]} cxd4 {[%clk 1:28:31]} 4. Nxd4
{[%clk 1:32:15]} Nf6 {[%clk 1:28:39]} 5. Nc3 {[%clk 1:32:41]} e5 {[%clk 1:28:58]}
6. Ndb5 {[%clk 1:33:07]} d6 {[%clk 1:29:20]} 7. Bg5 {[%clk 1:33:32]} a6
{[%clk 1:29:44]} 8. Na3 {[%clk 1:33:58]} b5 {[%clk 1:30:08]} 9. Nd5
{[%clk 1:34:21]} Be7 {[%clk 1:30:33]} 10. Bxf6 {[%clk 1:34:46]} Bxf6
{[%clk 1:30:57]} 11. c4 {[%clk 1:35:12]} b4 {[%clk 1:31:04]} 12. Nc2
{[%clk 1:35:37]} O-O {[%clk 1:31:23]} 13. g3 {[%clk 1:35:54]} Bg5
{[%clk 1:29:22]} 14. Bg2 {[%clk 1:36:20]} Be6 {[%clk 1:27:36]} 15. O-O
{[%clk 1:35:45]} a5 {[%clk 1:19:55]} 16. b3 {[%clk 1:35:57]} a4 {[%clk 0:59:18]}
17. h4 {[%clk 1:23:26]} Bh6 {[%clk 0:45:08]} 18. Ndxb4 {[%clk 1:19:55]} Nxb4
{[%clk 0:38:10]} 19. Nxb4 {[%clk 1:20:18]} Qa5 {[%clk 0:35:26]} 20. Nc2
{[%clk 0:51:26]} Bd2 {[%clk 0:20:48]} 21. Kh2 {[%clk 0:36:33]} axb3
{[%clk 0:15:52]} 22. axb3 {[%clk 0:36:58]} Qc3 {[%clk 0:16:15]} 23. Na3
{[%clk 0:30:54]} Rfb8 {[%clk 0:14:38]} 24. Bh3 {[%clk 0:23:07]} Bxh3
{[%clk 0:10:55]} 25. Kxh3 {[%clk 0:23:34]} g6 {[%clk 0:09:04]} 26. Nb5
{[%clk 0:12:38]} Rxa1 {[%clk 0:09:25]} 27. Qxa1 {[%clk 0:13:07]} Qxb3
{[%clk 0:09:45]} 28. Nxd6 {[%clk 0:13:11]} Rd8 {[%clk 0:03:29]} 29. c5
{[%clk 0:08:16]} Bc3 {[%clk 0:03:32]} 30. Qd1 {[%clk 0:04:54]} Qxd1
{[%clk 0:02:24]} 31. Rxd1 {[%clk 0:05:22]} Bb4 {[%clk 0:02:44]} 32. Rc1
{[%clk 0:05:16]} Bxc5 {[%clk 0:01:23]} 33. Nxf7 {[%clk 0:05:38]} Kxf7
{[%clk 0:01:39]} 34. Rxc5 {[%clk 0:06:06]} Rd2 {[%clk 0:00:39]} 35. Kg2
{[%clk 0:05:35]} Ke6 {[%clk 0:00:44]} 36. Rc6+ {[%clk 0:05:08]} Kd7
{[%clk 0:00:36]} 37. Ra6 {[%clk 0:05:34]} Rd4 {[%clk 0:00:44]} 38. Kf3
{[%clk 0:05:56]} Rd3+ {[%clk 0:01:08]} 39. Ke2 {[%clk 0:05:35]} Rb3
{[%clk 0:01:28]} 40. Ra7+ {[%clk 0:05:59]} Ke6 {[%clk 0:01:52]} 41. Rxh7
{[%clk 0:06:19]} Ra3 {[%clk 0:02:05]} 42. h5 {[%clk 0:05:41]} gxh5
{[%clk 0:02:28]} 43. Rh6+ {[%clk 0:06:00]} Ke7 {[%clk 0:02:57]} 44. Rxh5
{[%clk 0:06:24]} Ke6 {[%clk 0:03:25]} 45. Rh6+ {[%clk 0:06:08]} Ke7
{[%clk 0:03:54]} 46. Rb6 {[%clk 0:06:23]} Rc3 {[%clk 0:04:12]} 47. Rb5
{[%clk 0:06:10]} Ke6 {[%clk 0:04:40]} 48. Rd5 {[%clk 0:06:30]} Ra3
{[%clk 0:04:51]} 49. Rd3 {[%clk 0:06:54]} Ra1 {[%clk 0:05:18]} 50. Kf3
{[%clk 0:06:39]} Ra2 {[%clk 0:05:21]} 51. Re3 {[%clk 0:06:43]} Kf6
{[%clk 0:05:30]} 52. Rb3 {[%clk 0:05:25]} Rc2 {[%clk 0:05:53]} 53. Ke3
{[%clk 0:05:24]} Rc1 {[%clk 0:06:05]} 54. f4 {[%clk 0:05:10]} exf4+
{[%clk 0:06:09]} 55. gxf4 {[%clk 0:05:36]} Re1+ {[%clk 0:06:36]} 56. Kf3
{[%clk 0:05:32]} Rf1+ {[%clk 0:07:04]} 57. Kg3 {[%clk 0:05:48]} Re1
{[%clk 0:07:23]} 58. Rb6+ {[%clk 0:06:14]} Kf7 {[%clk 0:07:52]} 59. e5
{[%clk 0:06:23]} 1-0

[Event "2017"]
[Site "Bastia"]
[Date "2017.10.21"]
[Round "2.7"]
[White "Bijaoui, Manuel"]
[Black "Antipov, Mikhail Al."]
[Result "0-1"]
[BlackElo "2582"]
[WhiteElo "2430"]
[LiveChessVersion "1.4.6"]

1. e4 {[%clk 1:30:56]} e6 {[%clk 1:30:56]} 2. d4 {[%clk 1:31:18]} d5
{[%clk 1:31:22]} 3. Nd2 {[%clk 1:31:35]} h6 {[%clk 1:31:46]} 4. Bd3
{[%clk 1:28:22]} c5 {[%clk 1:32:11]} 5. dxc5 {[%clk 1:28:13]} Nf6
{[%clk 1:31:50]} 6. Qe2 {[%clk 1:28:11]} Bxc5 {[%clk 1:30:43]} 7. Ngf3
{[%clk 1:28:33]} O-O {[%clk 1:30:14]} 8. O-O {[%clk 1:28:53]} Nc6
{[%clk 1:29:55]} 9. e5 {[%clk 1:20:04]} Nd7 {[%clk 1:30:12]} 10. c4
{[%clk 1:19:41]} Re8 {[%clk 1:28:20]} 11. Nb3 {[%clk 1:07:23]} Bf8
{[%clk 1:24:31]} 12. Bf4 {[%clk 1:00:20]} Nb4 {[%clk 1:20:10]} 13. cxd5
{[%clk 0:57:52]} Nxd3 {[%clk 1:17:56]} 14. Qxd3 {[%clk 0:58:12]} exd5
{[%clk 1:18:24]} 15. Rfe1 {[%clk 0:50:09]} Nb6 {[%clk 1:14:31]} 16. Nbd4
{[%clk 0:37:44]} Na4 {[%clk 1:13:53]} 17. Qc2 {[%clk 0:36:16]} Nc5
{[%clk 1:13:19]} 18. Nb5 {[%clk 0:35:08]} Bg4 {[%clk 1:07:38]} 19. Nfd4
{[%clk 0:33:27]} Qb6 {[%clk 1:07:40]} 20. Nd6 {[%clk 0:16:23]} Bxd6
{[%clk 1:04:22]} 21. exd6 {[%clk 0:16:43]} Ne4 {[%clk 1:03:58]} 22. Be3
{[%clk 0:07:54]} Nxd6 {[%clk 0:56:50]} 23. Ne6 {[%clk 0:06:38]} Qa5
{[%clk 0:57:07]} 24. Qc7 {[%clk 0:06:32]} Qb4 {[%clk 0:54:20]} 25. a3
{[%clk 0:04:55]} Qxb2 {[%clk 0:53:34]} 26. Bd4 {[%clk 0:00:56]} Qd2
{[%clk 0:53:19]} 27. Be3 {[%clk 0:01:24]} Qd3 {[%clk 0:38:14]} 28. Nf4
{[%clk 0:01:33]} Qa6 {[%clk 0:37:16]} 29. Nxd5 {[%clk 0:01:55]} Rad8
{[%clk 0:35:09]} 30. Nb4 {[%clk 0:00:47]} Qa4 {[%clk 0:34:34]} 31. Bc5
{[%clk 0:01:08]} Ne4 {[%clk 0:33:32]} 32. Be3 {[%clk 0:01:05]} Bc8
{[%clk 0:23:38]} 33. f3 {[%clk 0:00:58]} Nd6 {[%clk 0:24:02]} 34. Bf2
{[%clk 0:00:51]} Nb5 {[%clk 0:24:25]} 35. Rxe8+ {[%clk 0:00:41]} Rxe8
{[%clk 0:24:54]} 36. Qc2 {[%clk 0:01:00]} Qa5 {[%clk 0:24:36]} 37. Qc5
{[%clk 0:01:20]} Bd7 {[%clk 0:19:15]} 38. h4 {[%clk 0:01:09]} b6 {[%clk 0:17:49]}
39. Qd5 {[%clk 0:01:23]} Be6 {[%clk 0:18:12]} 40. Qc6 {[%clk 0:01:07]} Rc8
{[%clk 0:18:32]} 41. Qb7 {[%clk 0:01:23]} Rc4 {[%clk 0:14:59]} 42. Nc6
{[%clk 0:01:13]} Qc3 {[%clk 0:15:17]} 43. Ne7+ {[%clk 0:01:33]} Kh7
{[%clk 0:12:47]} 44. Re1 {[%clk 0:01:54]} Qxa3 {[%clk 0:12:10]} 45. Re5
{[%clk 0:00:46]} Qd6 {[%clk 0:09:34]} 46. Bg3 {[%clk 0:00:47]} Nc7
{[%clk 0:07:23]} 47. Nc8 {[%clk 0:00:43]} Qd4+ {[%clk 0:07:47]} 48. Kh2
{[%clk 0:00:59]} Rc1 {[%clk 0:08:04]} 49. Rxe6 {[%clk 0:00:47]} Nxe6
{[%clk 0:07:15]} 50. Qxf7 {[%clk 0:00:34]} Qa1 {[%clk 0:05:38]} 51. Qf5+
{[%clk 0:00:37]} g6 {[%clk 0:05:56]} 52. Qf7+ {[%clk 0:00:57]} Ng7
{[%clk 0:06:23]} 53. Bc7 {[%clk 0:00:35]} Rh1+ {[%clk 0:06:49]} 0-1

[Event "2017"]
[Site "Bastia"]
[Date "2017.10.21"]
[Round "2.8"]
[White "Fier, Alexandr"]
[Black "Li, Di"]
[Result "1/2-1/2"]
[BlackElo "2459"]
[WhiteElo "2573"]
[LiveChessVersion "1.4.6"]

1. d4 {[%clk 1:30:57]} Nf6 {[%clk 1:30:38]} 2. c4 {[%clk 1:31:23]} e6
{[%clk 1:30:54]} 3. Nc3 {[%clk 1:31:49]} d5 {[%clk 1:31:16]} 4. cxd5
{[%clk 1:32:06]} Nxd5 {[%clk 1:31:32]} 5. e4 {[%clk 1:32:33]} Nxc3
{[%clk 1:31:53]} 6. bxc3 {[%clk 1:32:59]} c5 {[%clk 1:32:16]} 7. a3
{[%clk 1:33:26]} Be7 {[%clk 1:32:36]} 8. Nf3 {[%clk 1:33:50]} O-O
{[%clk 1:32:59]} 9. Bd3 {[%clk 1:34:10]} Qc7 {[%clk 1:27:10]} 10. O-O
{[%clk 1:34:14]} b6 {[%clk 1:26:17]} 11. Qe2 {[%clk 1:34:33]} Bb7
{[%clk 1:26:38]} 12. Bb2 {[%clk 1:34:57]} Nd7 {[%clk 1:22:34]} 13. a4
{[%clk 1:32:14]} Rac8 {[%clk 1:20:49]} 14. a5 {[%clk 1:32:30]} bxa5
{[%clk 1:19:33]} 15. Nd2 {[%clk 1:32:17]} Nb6 {[%clk 1:02:55]} 16. Rxa5
{[%clk 1:25:30]} cxd4 {[%clk 1:00:30]} 17. cxd4 {[%clk 1:24:47]} Nd5
{[%clk 1:00:19]} 18. Rxa7 {[%clk 1:21:35]} Nf4 {[%clk 1:00:38]} 19. Qf3
{[%clk 1:21:48]} Nxd3 {[%clk 1:00:32]} 20. Qxd3 {[%clk 1:22:15]} Bxe4
{[%clk 0:57:51]} 21. Qa6 {[%clk 1:19:24]} Bd3 {[%clk 0:58:08]} 22. Rxc7
{[%clk 1:19:49]} Bxa6 {[%clk 0:58:31]} 23. Rxe7 {[%clk 1:20:16]} Rc2
{[%clk 0:56:36]} 24. Ra1 {[%clk 1:10:53]} Rxd2 {[%clk 0:48:14]} 25. Bc3
{[%clk 1:10:57]} Rd3 {[%clk 0:45:15]} 26. Rc7 {[%clk 1:11:16]} Rc8
{[%clk 0:43:23]} 27. Rxc8+ {[%clk 1:10:00]} Bxc8 {[%clk 0:43:52]} 28. Rc1
{[%clk 1:10:25]} h5 {[%clk 0:43:44]} 29. h4 {[%clk 1:10:36]} Ba6 {[%clk 0:43:58]}
30. f3 {[%clk 1:09:55]} Kh7 {[%clk 0:44:10]} 31. Kf2 {[%clk 1:10:21]} Kg6
{[%clk 0:44:28]} 32. Kg3 {[%clk 1:10:44]} Kf5 {[%clk 0:41:01]} 33. Ba1
{[%clk 1:10:03]} Kg6 {[%clk 0:38:07]} 34. Bc3 {[%clk 1:09:59]} Kf5
{[%clk 0:38:29]} 35. Ba1 {[%clk 1:10:26]} Kg6 {[%clk 0:38:54]} 1/2-1/2

[Event "2017"]
[Site "Bastia"]
[Date "2017.10.21"]
[Round "3.2"]
[White "Moussard, Jules"]
[Black "Dreev, Aleksey"]
[Result "1/2-1/2"]
[BlackElo "2652"]
[WhiteElo "2567"]
[LiveChessVersion "1.4.6"]

1. Nf3 {[%clk 1:27:50]} d5 {[%clk 1:30:51]} 2. g3 {[%clk 1:27:27]} c6
{[%clk 1:31:12]} 3. Bg2 {[%clk 1:27:50]} Bg4 {[%clk 1:31:35]} 4. O-O
{[%clk 1:27:28]} e6 {[%clk 1:31:26]} 5. h3 {[%clk 1:25:56]} Bh5 {[%clk 1:31:41]}
6. d3 {[%clk 1:25:44]} Bd6 {[%clk 1:31:42]} 7. c4 {[%clk 1:22:16]} Nf6
{[%clk 1:29:02]} 8. cxd5 {[%clk 1:19:07]} Bxf3 {[%clk 1:25:18]} 9. Bxf3
{[%clk 1:19:24]} cxd5 {[%clk 1:25:42]} 10. e4 {[%clk 1:14:39]} dxe4
{[%clk 1:19:47]} 11. dxe4 {[%clk 1:14:28]} Nc6 {[%clk 1:20:03]} 12. Nc3
{[%clk 1:10:37]} O-O {[%clk 1:15:44]} 13. Be3 {[%clk 1:08:26]} Be5
{[%clk 1:13:22]} 14. Bg2 {[%clk 1:06:19]} Qa5 {[%clk 0:56:11]} 15. Qb3
{[%clk 1:00:15]} Bd4 {[%clk 0:48:38]} 16. e5 {[%clk 0:46:03]} Bxc3
{[%clk 0:35:10]} 17. Qxc3 {[%clk 0:44:30]} Qxc3 {[%clk 0:29:16]} 18. bxc3
{[%clk 0:44:56]} Nd5 {[%clk 0:29:40]} 19. Bxd5 {[%clk 0:44:34]} exd5
{[%clk 0:30:04]} 20. Rab1 {[%clk 0:44:57]} b6 {[%clk 0:28:43]} 21. Rfd1
{[%clk 0:40:09]} Nxe5 {[%clk 0:23:56]} 22. Rxd5 {[%clk 0:40:14]} f6
{[%clk 0:22:52]} 23. f4 {[%clk 0:38:43]} Nc4 {[%clk 0:19:20]} 24. Bf2
{[%clk 0:39:06]} Rf7 {[%clk 0:12:44]} 25. Kg2 {[%clk 0:36:42]} Re7
{[%clk 0:12:34]} 26. Kf3 {[%clk 0:36:58]} Rc8 {[%clk 0:11:39]} 27. Rbd1
{[%clk 0:33:50]} Kf7 {[%clk 0:11:48]} 28. Rd8 {[%clk 0:27:48]} Rcc7
{[%clk 0:09:58]} 29. Bd4 {[%clk 0:23:23]} Rcd7 {[%clk 0:06:43]} 30. Bf2
{[%clk 0:23:01]} Rc7 {[%clk 0:04:20]} 31. Re1 {[%clk 0:22:41]} Red7
{[%clk 0:03:18]} 32. Rxd7+ {[%clk 0:20:17]} Rxd7 {[%clk 0:03:42]} 33. Bd4
{[%clk 0:20:11]} Na3 {[%clk 0:02:47]} 34. Rc1 {[%clk 0:19:40]} Nb5
{[%clk 0:01:31]} 35. a4 {[%clk 0:19:29]} Nxd4+ {[%clk 0:00:51]} 36. cxd4
{[%clk 0:19:56]} Rxd4 {[%clk 0:00:59]} 37. Rc7+ {[%clk 0:20:21]} Kg6
{[%clk 0:01:18]} 38. Rxa7 {[%clk 0:20:46]} Rd3+ {[%clk 0:01:34]} 39. Kf2
{[%clk 0:20:54]} h5 {[%clk 0:01:43]} 40. Kg2 {[%clk 0:20:08]} Rd2+
{[%clk 0:01:09]} 41. Kf3 {[%clk 0:20:34]} Rd3+ {[%clk 0:01:34]} 42. Kg2
{[%clk 0:21:01]} Rd2+ {[%clk 0:01:54]} 43. Kf3 {[%clk 0:21:25]} Rd3+
{[%clk 0:02:20]} 44. Ke4 1/2-1/2

[Event "2017"]
[Site "Bastia"]
[Date "2017.10.21"]
[Round "3.3"]
[White "Onischuk, Vladimir"]
[Black "Dimitrov, Radoslav"]
[Result "1-0"]
[BlackElo "2450"]
[WhiteElo "2623"]
[LiveChessVersion "1.4.6"]

1. e4 {[%clk 1:30:50]} c6 {[%clk 1:21:12]} 2. d4 {[%clk 1:30:36]} d5
{[%clk 1:21:34]} 3. e5 {[%clk 1:30:57]} Bf5 {[%clk 1:21:56]} 4. h4
{[%clk 1:31:14]} h6 {[%clk 1:22:02]} 5. g4 {[%clk 1:31:01]} Bd7 {[%clk 1:22:26]}
6. c4 {[%clk 1:31:04]} Be6 {[%clk 1:17:49]} 7. c5 {[%clk 1:18:52]} Qc8
{[%clk 0:55:31]} 8. Be2 {[%clk 1:16:16]} h5 {[%clk 0:55:28]} 9. g5
{[%clk 1:14:19]} g6 {[%clk 0:48:04]} 10. Nc3 {[%clk 1:13:26]} Bg7
{[%clk 0:39:15]} 11. Be3 {[%clk 1:10:40]} Nd7 {[%clk 0:32:34]} 12. b4
{[%clk 1:02:58]} f6 {[%clk 0:31:32]} 13. f4 {[%clk 1:01:03]} fxe5
{[%clk 0:28:57]} 14. fxe5 Bf5 {[%clk 0:26:10]} 15. Bd3 {[%clk 0:55:34]} Nf8
{[%clk 0:16:48]} 16. Bxf5 {[%clk 0:48:53]} Qxf5 {[%clk 0:17:15]} 17. Nge2
{[%clk 0:48:39]} Qd7 {[%clk 0:13:23]} 18. b5 {[%clk 0:46:20]} e6 {[%clk 0:12:42]}
19. bxc6 {[%clk 0:45:31]} bxc6 {[%clk 0:13:11]} 20. O-O {[%clk 0:39:58]} Ne7
{[%clk 0:13:33]} 21. Nf4 {[%clk 0:39:48]} Nf5 {[%clk 0:11:42]} 22. Bf2
{[%clk 0:39:39]} Kf7 {[%clk 0:11:45]} 23. Qa4 {[%clk 0:39:31]} Qc7
{[%clk 0:08:03]} 24. Rab1 {[%clk 0:36:53]} Nd7 {[%clk 0:07:57]} 25. Qa6
{[%clk 0:35:46]} Rab8 {[%clk 0:02:16]} 26. Nb5 {[%clk 0:33:28]} Qc8
{[%clk 0:02:42]} 27. Qxc8 {[%clk 0:33:17]} Rhxc8 {[%clk 0:03:10]} 28. Nd6+
{[%clk 0:33:23]} Nxd6 {[%clk 0:03:38]} 29. cxd6 {[%clk 0:33:47]} Rxb1
{[%clk 0:01:28]} 30. Rxb1 {[%clk 0:34:14]} Rb8 {[%clk 0:01:37]} 31. Rxb8
{[%clk 0:33:37]} Nxb8 {[%clk 0:02:05]} 32. Nd3 {[%clk 0:32:15]} Nd7
{[%clk 0:01:30]} 33. Bg3 {[%clk 0:29:17]} Ke8 {[%clk 0:01:59]} 34. Kf2
{[%clk 0:28:42]} Nb6 {[%clk 0:02:03]} 35. Nc5 {[%clk 0:28:40]} Kf7
{[%clk 0:02:21]} 36. Ke2 {[%clk 0:28:29]} Bf8 {[%clk 0:01:19]} 37. Be1
{[%clk 0:28:24]} Nc4 {[%clk 0:00:37]} 38. d7 {[%clk 0:26:50]} Be7
{[%clk 0:01:06]} 39. Nb7 {[%clk 0:27:11]} c5 {[%clk 0:01:15]} 40. Bf2
{[%clk 0:26:34]} 1-0

[Event "2017"]
[Site "Bastia"]
[Date "2017.10.21"]
[Round "3.4"]
[White "Puranik, Abhimanyu"]
[Black "Zubov, Alexander"]
[Result "1/2-1/2"]
[BlackElo "2623"]
[WhiteElo "2509"]
[LiveChessVersion "1.4.6"]

1. e4 {[%clk 1:30:56]} Nc6 {[%clk 1:29:43]} 2. Nf3 {[%clk 1:30:47]} d6
{[%clk 1:30:07]} 3. d4 {[%clk 1:30:58]} Nf6 {[%clk 1:30:30]} 4. Nc3
{[%clk 1:31:21]} g6 {[%clk 1:30:49]} 5. Be2 {[%clk 1:31:34]} Bg7 {[%clk 1:31:13]}
6. O-O {[%clk 1:31:36]} O-O {[%clk 1:31:37]} 7. d5 {[%clk 1:31:48]} Ne5
{[%clk 1:28:36]} 8. Nxe5 {[%clk 1:31:12]} dxe5 {[%clk 1:29:04]} 9. Be3
{[%clk 1:28:48]} e6 {[%clk 1:29:24]} 10. Bc5 {[%clk 1:20:24]} Re8
{[%clk 1:29:49]} 11. Bb5 {[%clk 1:15:01]} Bd7 {[%clk 1:29:56]} 12. dxe6
{[%clk 1:14:45]} Rxe6 {[%clk 1:30:18]} 13. Bxd7 {[%clk 1:14:57]} Qxd7
{[%clk 1:22:26]} 14. Qxd7 {[%clk 1:12:52]} Nxd7 {[%clk 1:22:54]} 15. Be3
{[%clk 1:13:14]} Rc6 {[%clk 1:19:59]} 16. Rfd1 {[%clk 1:04:34]} Nb6
{[%clk 1:19:38]} 17. Rd3 {[%clk 1:03:37]} Bf8 {[%clk 1:11:56]} 18. Rad1
{[%clk 0:54:44]} Bb4 {[%clk 1:00:38]} 19. Bd2 {[%clk 0:51:11]} Kg7
{[%clk 0:55:40]} 20. Nd5 {[%clk 0:35:48]} Bxd2 {[%clk 0:43:26]} 21. R3xd2
{[%clk 0:30:57]} Nc4 {[%clk 0:35:33]} 22. Re2 {[%clk 0:31:22]} Rd6
{[%clk 0:32:25]} 23. b3 {[%clk 0:30:44]} Na3 {[%clk 0:31:59]} 24. c4
{[%clk 0:29:08]} c6 {[%clk 0:24:00]} 25. Ne3 {[%clk 0:27:17]} Rxd1+
{[%clk 0:23:25]} 26. Nxd1 {[%clk 0:27:43]} Rd8 {[%clk 0:23:50]} 27. Ne3
{[%clk 0:27:59]} Nb1 {[%clk 0:22:53]} 28. f3 {[%clk 0:26:12]} Nc3
{[%clk 0:22:40]} 29. Rc2 {[%clk 0:26:08]} Nd1 {[%clk 0:17:34]} 30. Nf1
{[%clk 0:24:05]} h5 {[%clk 0:11:44]} 31. c5 {[%clk 0:21:57]} f5 {[%clk 0:10:12]}
32. Rd2 {[%clk 0:19:26]} Rxd2 {[%clk 0:09:00]} 33. Nxd2 {[%clk 0:19:52]} Kf6
{[%clk 0:07:11]} 34. g3 {[%clk 0:17:08]} Nc3 {[%clk 0:06:13]} 35. a4
{[%clk 0:17:02]} Na2 {[%clk 0:05:02]} 36. Nc4 {[%clk 0:16:03]} fxe4
{[%clk 0:04:52]} 37. fxe4 {[%clk 0:16:29]} Nc1 {[%clk 0:04:51]} 38. Na5
{[%clk 0:16:03]} Ke6 {[%clk 0:03:29]} 39. h4 {[%clk 0:11:10]} Nd3
{[%clk 0:01:27]} 40. Nxb7 {[%clk 0:10:41]} Kd7 {[%clk 0:01:55]} 41. Kg2
{[%clk 0:09:56]} Kc7 {[%clk 0:02:14]} 42. Na5 {[%clk 0:10:16]} Kd7
{[%clk 0:02:28]} 43. Nc4 {[%clk 0:09:20]} Ke6 {[%clk 0:02:56]} 44. Na5
{[%clk 0:09:35]} Kd7 {[%clk 0:03:23]} 45. Nc4 {[%clk 0:09:59]} Ke6
{[%clk 0:03:44]} 46. Na5 {[%clk 0:10:08]} Kd7 {[%clk 0:04:02]} 1/2-1/2